Triumphant missionary ministry in the local church / (Record no. 1830)
[ view plain ]
| 000 -LEADER | |
|---|---|
| fixed length control field | 00697cam a2200229Ia 4500 |
| 001 - CONTROL NUMBER | |
| control field | 11322587 |
| 003 - CONTROL NUMBER IDENTIFIER | |
| control field | GBCCL |
| 005 - DATE AND TIME OF LATEST TRANSACTION | |
| control field | 20241126110410.0 |
| 008 - FIXED-LENGTH DATA ELEMENTS--GENERAL INFORMATION | |
| fixed length control field | 781014s1961 nbua 000 0 eng d |
| 035 ## - SYSTEM CONTROL NUMBER | |
| System control number | (OCoLC)ocn852942768 |
| 035 ## - SYSTEM CONTROL NUMBER | |
| System control number | 11322587 |
| 040 ## - CATALOGING SOURCE | |
| Original cataloging agency | CSM |
| Language of cataloging | eng |
| Transcribing agency | CSM |
| Modifying agency | MCB |
| -- | VFY |
| -- | OCLCQ |
| -- | OKR |
| -- | OCLCQ |
| -- | CtY-D |
| 050 14 - | |
| -- | BV2081 |
| -- | .L48 1961 |
| 082 ## - DEWEY DECIMAL CLASSIFICATION NUMBER | |
| Classification number | 266 |
| Item number | LEW |
| 100 1# - MAIN ENTRY--PERSONAL NAME | |
| Personal name | Lewis, Norman. |
| 9 (RLIN) | 3829 |
| 245 10 - TITLE STATEMENT | |
| Title | Triumphant missionary ministry in the local church / |
| Statement of responsibility, etc. | by Norman Lewis. |
| 250 ## - EDITION STATEMENT | |
| Edition statement | Rev. and enl. ed. |
| 260 ## - PUBLICATION, DISTRIBUTION, ETC. | |
| Place of publication, distribution, etc. | Lincoln, Neb. : |
| Name of publisher, distributor, etc. | Back to the Bible Broadcast, |
| Date of publication, distribution, etc. | c1961. |
| 300 ## - PHYSICAL DESCRIPTION | |
| Extent | 121 p. : |
| Other physical details | ill. ; |
| Dimensions | 17 cm. |
| 650 #0 - SUBJECT ADDED ENTRY--TOPICAL TERM | |
| Topical term or geographic name entry element | Missions |
| General subdivision | Finance. |
| 9 (RLIN) | 3556 |
| 942 ## - ADDED ENTRY ELEMENTS (KOHA) | |
| Source of classification or shelving scheme | Dewey Decimal Classification |
| Koha item type | Books |
| Koha issues (borrowed), all copies | 1 |
| Withdrawn status | Lost status | Source of classification or shelving scheme | Damaged status | Not for loan | Home library | Current Library | Shelving location | Date acquired | Total checkouts | Full call number | Barcode | Date last seen | Date last checked out | Copy number | Price effective from | Koha item type |
|---|---|---|---|---|---|---|---|---|---|---|---|---|---|---|---|---|
| Dewey Decimal Classification | GRACE BIBLE COLLEGE | GRACE BIBLE COLLEGE | Ministry & Mission | 2017-05-26 | 1 | 266 LEW | 004668 | 2025-05-01 | 2018-10-15 | c.1 | 2017-05-26 | Books |